| 000 | 00905nas a2200289 4500 | ||
|---|---|---|---|
| 001 | BR0903767 | ||
| 003 | BR-BrBNA | ||
| 005 | 20231205113448.0 | ||
| 007 | ta | ||
| 008 | 230509b bl.|||p| |||| 00| 00por d | ||
| 040 |
_aBR-BrBNA _bpor _cBiblioteca Nacional de Agricultura |
||
| 041 | _a(Pt) | ||
| 072 | _aM40 | ||
| 100 | 1 | _aAraújo, G.S. | |
| 100 | 1 | _aTorres, V.M. | |
| 100 | 1 | _aMarreiro, F.M. | |
| 100 | 1 | _aLavor, A.M.C. | |
| 100 | 1 | _aFarias, W.R.L. | |
| 245 | 1 | _aCultivo de micro e macroalgas marinhas em condições controladas, e extração de polissacarídeos sulfatados | |
| 650 | _aALGA | ||
| 650 | _aALGA MARINHA | ||
| 650 | _aEXTRAÇÃO | ||
| 773 | 0 |
_tArquivos de Ciências do Mar (Brazil) _xISSN 0374-5686 _g(2009), v. 42(1) p. 94-100 _wBR0903767 |
|
| 856 | 4 | 0 | _uhttp://www.aprh.pt/rgci/pdf/rgci-155_Borges.pdf |
| 909 |
_a202311 _bLúcia _c55 _dLúcia Elande |
||
| 942 |
_2AGRIS _n0 _cANA |
||
| 999 |
_c203904 _d203904 |
||